|
|
|
|
| LEADER |
00694cam a2200193 7i4500 |
| 001 |
0000000169 |
| 005 |
20170218090000.0 |
| 020 |
|
|
|a 0201095890 (hbk.)
|
| 090 |
0 |
0 |
|a TK5102.5
|b .J53 1990
|
| 100 |
1 |
|
|a Jackson, Leland B
|
| 245 |
1 |
0 |
|a Signals, systems and transforms
|c Leland B. Jackson.
|
| 260 |
|
|
|a Reading, Mass.:
|b Addison-Wesley Pub. Co.,
|c 1990.
|
| 300 |
|
|
|a xiii, 482 p.:
|b ill.;
|c 24 cm.
|
| 490 |
0 |
|
|a Addison-Wesley series in electrical engineering
|
| 504 |
|
|
|a Includes bibliographical references and index
|
| 650 |
0 |
0 |
|a Signal processing
|
| 650 |
0 |
0 |
|a System analysis
|
| 997 |
|
|
|a Engineering, Faculty
|b Engineering, Department
|
| 999 |
|
|
|a 0000002723
|b BOK
|c OPEN SHELF
|e 1st Floor, Bestari Jaya
|